000 00322nam a2200133Ia 4500
008 191201s2005 xx 000 0 und d
100 _aNARAYAN, R K
245 4 _aThe English Teacher
250 _a23th
260 _aN.Delhi
_bIndian Thought Publision
_c2005
300 _a183
650 _aGeneral Books
942 _2ddc
_cBK
999 _c2404
_d2404